00426nam a2200121Ia 4500008004100000100002100041245011400062245003600176260003000212260000900242300002700251440002600278170419s9999 xx 000 0 und d aThompson, Renee. aPreparing new nurses to address bullying: the effect of an online educational module on learner self-efficacy cRenee Thompson & Lynn E. George bJanetti Publications Inc. c2016 aNovember/December 2016 aMedsurg Nursingv25:6